Текст томруулах:    
Coffee, Tea, and Cocoa (Бичлэгийн дугаар. 1080)
000 -УДИРДЛАГА
Удирдлага 00898 a2200313 4500
003 - ХЯНАЛТЫН ТОО ТОДОРХОЙЛОГЧ
Код MN-UlNUM
005 - БИЧИЛТ ХИЙСЭН ОГНОО
Тухайн бичилтийг бичсэн засварласан сүүлийн огноо 20260310180014.0
008 - ЕРӨНХИЙ МЭДЭЭЛЭЛ
Ерөнхий мэдээлэл 110605s1977 mdu b 000 0 eng
020 ## - ISBN
ISBN 0801818699
040 ## - БИЧЛЭГ ҮҮСГЭГЧ БАЙГУУЛЛАГА
Бичлэг үүсгэгч номын сангийн код МУИС-ийн номын сан
084 ## - ББК АНГИЛАЛ
ББК ангилал 36.98
Зохиогчийн гурван тэмдэгт C 65
Нэмэлт тусгалт Нэг сэдэвт бүтээл
Мэдлэгийн ялгаа 3 - Техник
110 ## - ЭРХЛЭН ГАРГАСАН /БАЙГУУЛЛАГА/
Эрхлэн гаргасан байгууллага World Bank
245 10 - ҮНДСЭН ГАРЧИГ
Номын нэр Coffee, Tea, and Cocoa
Бага гарчгийн мэдээ Market Prospects and Development Lending
260 ## - ГАРАЛТЫН МЭДЭЭ
Хэвлэгдсэн газар Baltimore
Хэвлэлийн газар Published for the World Bank
Хэвлэгдсэн он 1977
300 ## - МАТЕРИАЛЫН ТОДОРХОЙЛОЛТ
хуудасны тоо xii, 129 p. :
Бусад тоон мэдээлэл graphs ;
Хэмжээ 23 cm
490 ## - БОТЬ / ЦУВРАЛЫН ТУХАЙ МЭДЭЭ
Боть / цувралын зохиогч World Bank staff occasional papers
500 ## - Тайлбар
Дансны дугаар БС 4446
546 ## - ХЭЛНИЙ ТУХАЙ МЭДЭЭ
Хэл Англи хэл дээр,
653 ## - Түлхүүр үг
Түлхүүр үг cocoa trade
653 ## - Түлхүүр үг
Түлхүүр үг coffee trade
653 ## - Түлхүүр үг
Түлхүүр үг tea trade
653 ## - Түлхүүр үг
Түлхүүр үг economic assistance
740 ## - НОМЫН ГАРЧИГ
Гарчиг Economic characteristics
740 ## - НОМЫН ГАРЧИГ
Гарчиг Production and exports
740 ## - НОМЫН ГАРЧИГ
Гарчиг Production and exports
942 ## - ЭЛЕМЕНТИЙН ТӨРӨЛ
Зүйлийн төрөл Ном